1183 1017 1741 1816 1117 1685 1670 1839 1254 1750 1279 1493 1741 1472 1292 1790 1831 1662 1400 1979 1607 1142 1553 1598 1586 1313 1825 1689 1272 1667 1009 1039 1264 1413 1178 1181 1053 1062 1305 1414 1007 1757 1532 1398 1606 1368 1522 1456 1109 1451 1260 1073 1957 1921 1796 1152 1061 1636 1354 1398 1099 1576 1174 1409 1902 1571 1492 1476 1780 1711 1732 1379 1773 1387 1049 1087 1551 1772 1695 1008 1039 1758 1223 1982 1631 1579 1556 1156 1975 1456 1329 1173 1207 1606 1124 1498 1193 1697 1490 BCNSPRNW ULIB Ver.6.0+V

เปลี่ยนเป็นภาษาไทย

Change to English
 แสดงรายละเอียดบรรณานุกรม
  กลับหน้าหลัก

Brief Record : Get Marc (ISO 2709) : E-mail record : QR code < ปิดหน้าต่าง
LEADER : 00000nam 2200000uu 4500
001    13399112903
003     ULIB
008    110916s2553||||th 000 0 tha d
020    9786165000345
090    นว.^bณ429ต 2553
100 0  ณารา
245 00 ตราบสิ้นสิเน่หา/^cณารา
250    พิมพ์ครั้งที่ 2
260    กรุงเทพฯ :^bพิมพ์คำ,^c2553
300    488 หน้า
945    ^p290^l0^i17001
995    กัณชพร
999    ^aใช้งานได้ทุกระบบ
รายการนี้ยังไม่มีแท็ก
คุณยังไม่ได้ล็อกอิน คุณสามารถมีกิจกรรมร่วมกับเว็บไซต์ได้ แต่ต้องล็อกอินก่อน ::
  ล็อกอิน

รายการสื่อสารสนเทศ

ลำดับที่ ประเภท เลขเรียก/บาร์โค้ด สถานที่ สถานะ
1. นวนิยาย
นวนิยาย
นว. ณ429ต 2553  
  Barcode: 17001
ห้องสมุดวิทยาเขตสวรรค์ประชารักษ์
►นวนิยาย
บนชั้น
  ขอยืม

รายการใกล้เคียง
    ผู้แต่ง [ณารา]

BibComment


ยังไม่เคยถูกคอมเมนท์

คอมเมนท์ทรัพยากรรายการนี้
  คอมเมนท์: ตราบสิ้นสิเน่หา ณ..


 Copyright 2026. Bcnsprnw @Library